000 01192nam a2200229Ia 4500
001 L940-43297
003 IT-CnALBA
008 170116s9999||||xx |||||||||||||| ||und||
040 _aIT-CnALBA
_cIT-CnALBA
041 _aITALIANO
100 _aPALMER L.R.
245 0 _aMINOICI E MICENEI. LA PRIMA CIVILTÀ EGEA DOPO LA DECIFRAZIONE DELLA LINEARE B.
250 _a1a ed.
260 _aTORINO
_bEINAUDI GIULIO, EDITORE.
_c1970 [1° Ed.:1970 - Ed.Ling.Originale: 1970]
300 _a287 p.
500 _aINDICE ONOMASTICO PERSONE E LUOGHI IN LINEARE B. TAVOLA CRONOLOGICA. RAFFRONTO TRA CRETA CONTINENTE TORIA ED EGITTO. PILO E MONDO DELLE STATUETTE. CNOSSO E PREISTORIA EGEA. VERIFICA DEI DATI. CONFLITTO DEGLI STUDIOSI. VENUTA DEI GRECI.
501 _aSocietà San Paolo EM - Piazza San Paolo, 14 - 12051 ALBA (CN) (non commercial uses only) ® Copyright 2017
520 _aINDICE ONOMASTICO PERSONE E LUOGHI IN LINEARE B. TAVOLA CRONOLOGICA. RAFFRONTO TRA CRETA CONTINENTE TORIA ED EGITTO. PILO E MONDO DELLE STATUETTE. CNOSSO E PREISTORIA EGEA. VERIFICA DEI DATI. CONFLITTO DEGLI STUDIOSI. VENUTA DEI GRECI.
650 _aSTORIA ANTICA
942 _cBK
957 _71
999 _a48689
_bNO
_g Copie: 1
_c302263
_d302263